000 00491nam a2200157 4500
001 145076
003 ES-MaACL
007 t|
008 070214s1983 xxk r ||||1| eng d
100 1 _aSomerville, S. H.
_9107266
245 1 0 _aDictionary of geotechnics /
_cS. H. Somerville ; M. A. Paul.
260 _aLondon [etc.] :
_bButterworths,
_c1983 (
_eBodmin :
_fRobert Hartnoll)
300 _a382 p. :
_bil. ;
_c23 cm.
700 1 _aPaul, M. A.
_989633
852 _aES-MaACL
_jL-6903
_bR.106744
999 _c145076
_d145076